000 00830cab a2200277 4500
001 WB3331-11
008 090401t1997 xxu||||| |||| 00| 0 eng d
035 _a(Sirsi) u80184
041 _aeng
245 _aDevon`s development growth
260 _c1997
350 _a0
490 _aWestern Morning News
_v5 August 1997, 10(1)
520 _aAn examination in public into Devon`s structure plan which includes proposals for 90,000 new homes and two new towns is to begin in September amid increasing unease.
650 _aCORNWALL
650 _aDEVELOPMENT PLAN
650 _aDEVON
650 _aHOUSEHOLD PROJECTIONS
650 _aHOUSING LAND
650 _aNEW SETTLEMENTS
650 _aSOUTH HAMS
650 _aWEST COUNTRY
690 _aPROPERTY-PROPERTY DEVELOPMENT
942 _n0
948 _c08/08/1997
999 _c50460
_d50460